| 000 | 00592nam a22001817a 4500 | ||
|---|---|---|---|
| 005 | 20251108165213.0 | ||
| 008 | 250721s1993 xx 000 0 ara d | ||
| 082 | 1 | 4 | _aم/610.014/دلي |
| 100 | 1 |
_aالخطيب، هشام إبراهيم _eمعد |
|
| 245 | 1 | 0 |
_aدليل المصطلحات الطبية : _bعربي - إنجليزي / |
| 264 | 1 |
_aبيروت : _bالمؤسسة العربية للدراسات و النشر، _c1993. |
|
| 300 | _a403ص. | ||
| 650 | 1 | 7 | _aالطب |
| 650 | 1 | 7 | _aالمصطلحات |
| 650 | 1 | 7 | _aعلم المعاجم |
| 942 |
_2ddc _cREF |
||
| 999 |
_c22026 _d22026 |
||